Lecons sur la philosophie de l'histoire
Uloženo v:
| Hlavní autor: | |
|---|---|
| Médium: | Kniha |
| Jazyk: | francouzština |
| Vydáno: |
París
J. Vrin
1963
|
| Vydání: | 3a. ed |
| Edice: | Bibliothèque des Textes Philosophiques
|
| Témata: | |
| Tagy: |
Přidat tag
Žádné tagy, Buďte první, kdo vytvoří štítek k tomuto záznamu!
|
MARC
| LEADER | 00000nam a2200000 a 4500 | ||
|---|---|---|---|
| 001 | UCS6632 | ||
| 003 | CL-VaPUC | ||
| 008 | 970926e19630000FR |||||||||||||||||fre|d | ||
| 082 | 0 | 4 | |a 147 |b HEG |2 21 |
| 100 | |a Hegel, Georg Wilhelm Friedrich |e autor |9 580639 | ||
| 245 | 1 | 0 | |a Lecons sur la philosophie de l'histoire |
| 250 | |a 3a. ed | ||
| 300 | |a 349 p | ||
| 942 | |c BK | ||
| 945 | |d 19970926 00:00:00 |a lriquelm | ||
| 260 | |a París |b J. Vrin |c 1963 | ||
| 650 | 0 | |a Idealismo |9 265685 | |
| 650 | 0 | |a Filosofía alemana |9 265002 | |
| 650 | 0 | |a Escuelas filosóficas |9 266232 | |
| 650 | 0 | |a Filosofía de la historia |9 265651 | |
| 583 | |a last modification |c 19970926 00:00:00 |k Rodrigo Vera | ||
| 490 | 0 | |a Bibliothèque des Textes Philosophiques | |
| 999 | |c 262277 |d 262275 | ||
| 952 | |0 0 |1 0 |4 0 |6 147_000000000000000_HEG_1963 |7 0 |8 DER_TF |9 290550 |a BIBDER |b BIBDER |d 2019-11-19 |i 1885103 |o 147 HEG 1963 |p 1885103 |r 2023-01-25 |w 2019-11-19 |x Ubicación 4to Piso |y BK |z Estos recursos deben solicitarse con anticipación |k DER | ||